Cuadernos de Espiritualidad : número 41, enero-marzo 1988 : construir la paz : la eucaristía y la paz /

Gardado en:
Detalles Bibliográficos
Outros autores: Beckman, Roberto E. (dirección) (dirección)
Formato: Libro
Idioma:Lingua castelá
Publicado: Lima, Perú : Centro Loyola, 1988
Etiquetas: Engadir etiqueta
Sen Etiquetas, Sexa o primeiro en etiquetar este rexistro!

MARC

LEADER 00000nam^a2200000^a^4500
001 000626977
005 20260129000000.0
009 20260310134045.144
037 |a Acervo Xavier Clavigero 
041 |a ESP 
091 |a FHG. 00922 
240 1 1 |a [Cuadernos de Espiritualidad] 
245 0 0 |a Cuadernos de Espiritualidad :  |b número 41, enero-marzo 1988 : construir la paz : la eucaristía y la paz / 
264 1 |a Lima, Perú :  |b Centro Loyola,  |c 1988 
300 |a 38 p. 
336 |a texto  |b txt  |2 rdacontenido 
337 |a sin mediación  |b n  |2 rdamedio 
338 |a volumen  |b nc  |2 rdasoporte 
649 |a XX 
700 |a Beckman, Roberto E.  |e (dirección) 
910 |a Fondo Humberto García Bedoy S.J. 
920 |a Impresos - Libros 
930 |a Fondos Especiales 
905 |a 148 
901 |a 626977-10  |b IT2  |c ESP  |i D  |u 20260129 
902 |a https://opac.biblio.iteso.mx/vufind/Record/000626977